<?xml version="1.0" encoding="UTF-8"?>
<record
    xmlns:xsi="http://www.w3.org/2001/XMLSchema-instance"
    xsi:schemaLocation="http://www.loc.gov/MARC21/slim http://www.loc.gov/standards/marcxml/schema/MARC21slim.xsd"
    xmlns="http://www.loc.gov/MARC21/slim">

  <leader>01326nam a22002537a 4500</leader>
  <controlfield tag="001">3643</controlfield>
  <controlfield tag="003">FISKH</controlfield>
  <controlfield tag="005">20251110121011.0</controlfield>
  <controlfield tag="008">240402b        cb ||||| |||| 00| 0 eng d</controlfield>
  <datafield tag="020" ind1=" " ind2=" ">
    <subfield code="a">9789995001506</subfield>
  </datafield>
  <datafield tag="040" ind1=" " ind2=" ">
    <subfield code="a">FISKH</subfield>
    <subfield code="b">khr </subfield>
    <subfield code="c">FISKH</subfield>
    <subfield code="d">FISKH </subfield>
  </datafield>
  <datafield tag="050" ind1=" " ind2=" ">
    <subfield code="a">PZ7 </subfield>
  </datafield>
  <datafield tag="082" ind1=" " ind2=" ">
    <subfield code="a">512.74</subfield>
  </datafield>
  <datafield tag="100" ind1=" " ind2=" ">
    <subfield code="a">Kimsrun, Inn</subfield>
  </datafield>
  <datafield tag="245" ind1=" " ind2=" ">
    <subfield code="a">&#x179F;&#x17C0;&#x179C;&#x1797;&#x17C5;&#x200B;&#x17A0;&#x17D2;&#x179C;&#x17B9;&#x1780;&#x17A0;&#x17B6;&#x178F;&#x17CB;&#x200B;&#x1782;&#x178E;&#x17B7;&#x178F;&#x179C;&#x17B7;&#x1791;&#x17D2;&#x1799;&#x17B6;&#x200B;&#x1790;&#x17D2;&#x1793;&#x17B6;&#x1780;&#x17CB;&#x200B;&#x1791;&#x17B8; &#x17E4; /</subfield>
  </datafield>
  <datafield tag="260" ind1=" " ind2=" ">
    <subfield code="a">&#x1797;&#x17D2;&#x1793;&#x17C6;&#x1796;&#x17C1;&#x1789; : </subfield>
    <subfield code="b">&#x1782;&#x17D2;&#x179A;&#x17B7;&#x17C7;&#x179F;&#x17D2;&#x1790;&#x17B6;&#x1793;&#x1794;&#x17C4;&#x17C7;&#x1796;&#x17BB;&#x1798;&#x17D2;&#x1796;&#x1793;&#x17B7;&#x1784;&#x1785;&#x17C2;&#x1780;&#x1795;&#x17D2;&#x179F;&#x17B6;&#x1799;, </subfield>
    <subfield code="c">2013. </subfield>
  </datafield>
  <datafield tag="300" ind1=" " ind2=" ">
    <subfield code="a">84 pages : </subfield>
    <subfield code="b">illustrations ; </subfield>
    <subfield code="c">21 cm </subfield>
  </datafield>
  <datafield tag="520" ind1=" " ind2=" ">
    <subfield code="a">&#x179F;&#x17C0;&#x179C;&#x1797;&#x17C5;&#x200B;&#x17A0;&#x17D2;&#x179C;&#x17B9;&#x1780;&#x17A0;&#x17B6;&#x178F;&#x17CB;&#x200B;&#x1782;&#x178E;&#x17B7;&#x178F;&#x179C;&#x17B7;&#x1791;&#x17D2;&#x1799;&#x17B6;&#x200B;&#x1790;&#x17D2;&#x1793;&#x17B6;&#x1780;&#x17CB;&#x200B;&#x1791;&#x17B8; &#x17E4; &#x179F;&#x1798;&#x17D2;&#x179A;&#x17B6;&#x1794;&#x17CB;&#x200B;&#x17A0;&#x17D2;&#x179C;&#x17B9;&#x1780;&#x17A0;&#x17B6;&#x178F;&#x17CB;&#x200B;&#x1782;&#x178E;&#x17B7;&#x178F;&#x179C;&#x17B7;&#x1791;&#x17D2;&#x1799;&#x17B6;&#x200B;&#x1790;&#x17D2;&#x1793;&#x17B6;&#x1780;&#x17CB;&#x200B;&#x1791;&#x17B8; &#x17E4; &#x1794;&#x178E;&#x17D2;&#x178A;&#x17BB;&#x17C7;&#x200B;&#x1791;&#x1798;&#x17D2;&#x179B;&#x17B6;&#x1794;&#x17CB;&#x200B;&#x1780;&#x17B6;&#x179A;&#x200B;&#x1793;&#x17C3;&#x200B;&#x1780;&#x17B6;&#x179A;&#x200B;&#x1782;&#x17B7;&#x178F; &#x1793;&#x17B7;&#x1784;&#x200B;&#x1792;&#x17D2;&#x179C;&#x17BE;&#x200B;&#x179B;&#x17C6;&#x17A0;&#x17B6;&#x178F;&#x17CB;&#x200B;&#x1794;&#x1793;&#x17D2;&#x1790;&#x17C2;&#x1798;&#x200B;&#x1793;&#x17C5;&#x200B;&#x1795;&#x17D2;&#x1791;&#x17C7;&#x200B;&#x178A;&#x179B;&#x17CB;&#x200B;&#x1780;&#x17BB;&#x1798;&#x17B6;&#x179A; &#x17D4;</subfield>
  </datafield>
  <datafield tag="520" ind1=" " ind2=" ">
    <subfield code="a">4th grade math workbook for 4th grade math training to develop children's thinking habits and extra homework.</subfield>
  </datafield>
  <datafield tag="650" ind1=" " ind2=" ">
    <subfield code="a">&#x1782;&#x178E;&#x17B7;&#x178F;</subfield>
  </datafield>
  <datafield tag="650" ind1=" " ind2=" ">
    <subfield code="a">Math</subfield>
  </datafield>
  <datafield tag="942" ind1=" " ind2=" ">
    <subfield code="2">ddc</subfield>
    <subfield code="c">KHB</subfield>
    <subfield code="n">0</subfield>
  </datafield>
  <datafield tag="999" ind1=" " ind2=" ">
    <subfield code="c">3643</subfield>
    <subfield code="d">3643</subfield>
  </datafield>
  <datafield tag="952" ind1=" " ind2=" ">
    <subfield code="0">0</subfield>
    <subfield code="1">0</subfield>
    <subfield code="2">ddc</subfield>
    <subfield code="4">0</subfield>
    <subfield code="7">0</subfield>
    <subfield code="8">REF</subfield>
    <subfield code="a">001</subfield>
    <subfield code="b">001</subfield>
    <subfield code="c">OKHR</subfield>
    <subfield code="d">2024-04-02</subfield>
    <subfield code="l">0</subfield>
    <subfield code="o">KIM 512.74 PZ7 </subfield>
    <subfield code="p">FISTK03524</subfield>
    <subfield code="r">2024-04-02 11:02:43</subfield>
    <subfield code="t">1</subfield>
    <subfield code="w">2024-04-02</subfield>
    <subfield code="y">KHB</subfield>
  </datafield>
  <datafield tag="952" ind1=" " ind2=" ">
    <subfield code="0">0</subfield>
    <subfield code="1">0</subfield>
    <subfield code="2">ddc</subfield>
    <subfield code="4">0</subfield>
    <subfield code="7">0</subfield>
    <subfield code="8">REF</subfield>
    <subfield code="a">002</subfield>
    <subfield code="b">002</subfield>
    <subfield code="c">TTP Khmer</subfield>
    <subfield code="d">2025-10-28</subfield>
    <subfield code="l">0</subfield>
    <subfield code="o">KIM 512.74 PZ7 </subfield>
    <subfield code="p">FIS02828</subfield>
    <subfield code="r">2025-10-28 14:10:47</subfield>
    <subfield code="t">2</subfield>
    <subfield code="w">2025-10-28</subfield>
    <subfield code="y">KHB</subfield>
  </datafield>
  <datafield tag="952" ind1=" " ind2=" ">
    <subfield code="0">0</subfield>
    <subfield code="1">0</subfield>
    <subfield code="2">ddc</subfield>
    <subfield code="4">0</subfield>
    <subfield code="7">0</subfield>
    <subfield code="8">REF</subfield>
    <subfield code="a">002</subfield>
    <subfield code="b">002</subfield>
    <subfield code="c">TTP Khmer</subfield>
    <subfield code="d">2026-03-25</subfield>
    <subfield code="l">0</subfield>
    <subfield code="o">KIM 512.74 PZ7 </subfield>
    <subfield code="p">2026-0373</subfield>
    <subfield code="r">2026-03-25 09:33:29</subfield>
    <subfield code="t">3</subfield>
    <subfield code="w">2026-03-25</subfield>
    <subfield code="y">KHB</subfield>
  </datafield>
</record>
